So sánh hiệu quả của một số chế phẩm bổ sung nhằm tăng năng suất sinh trưởng của heo con từ 7 đến 60 ngày tuổi (Luận án Thạc sĩ Khoa học Nông nghiệp, chuyên ngành Chăn nuôi động vật nông nghiệp)

Công trình thử nghiệm so sánh một số chế phẩm trên thị trường, đồng thời xác định thời điểm bổ sung chế phẩm giúp năng cao năng suất sinh trưởng của heo con, hạn chế bệnh tiêu chảy ở heo con và cải thiện tiêu hóa ở heo con nhất là tron...

全面介绍

Đã lưu trong:
书目详细资料
主要作者: Trương Chí Sơn
格式: 图书
语言:Undetermined
出版: Cần Thơ Trường Đại học Cần Thơ - Khoa Nông nghiệp 1997
主题:
标签: 添加标签
没有标签, 成为第一个标记此记录!
Thư viện lưu trữ: Trung tâm Học liệu Trường Đại học Cần Thơ
LEADER 01378nam a2200205Ia 4500
001 CTU_29446
008 210402s9999 xx 000 0 und d
082 |a 636 
082 |b S464tr 
088 |a 60620105 
100 |a Trương Chí Sơn 
245 0 |a So sánh hiệu quả của một số chế phẩm bổ sung nhằm tăng năng suất sinh trưởng của heo con từ 7 đến 60 ngày tuổi (Luận án Thạc sĩ Khoa học Nông nghiệp, chuyên ngành Chăn nuôi động vật nông nghiệp) 
245 0 |c Trương Chí Sơn 
260 |a Cần Thơ 
260 |b Trường Đại học Cần Thơ - Khoa Nông nghiệp 
260 |c 1997 
520 |a Công trình thử nghiệm so sánh một số chế phẩm trên thị trường, đồng thời xác định thời điểm bổ sung chế phẩm giúp năng cao năng suất sinh trưởng của heo con, hạn chế bệnh tiêu chảy ở heo con và cải thiện tiêu hóa ở heo con nhất là trong giai đoạn cai sữa (33 đến 60 ngày tuổi) 
650 |a swine - breeding,swine - feeding and feeds,swine - virus deseases,veterinary medicine,veterinary parasitology 
904 |i Minh, 990405 
980 |a Trung tâm Học liệu Trường Đại học Cần Thơ